|
|
|
|
| LEADER |
00988nam a22002177a 4500 |
| 001 |
AAL2574 |
| 003 |
BD-DhAAL |
| 005 |
20160314142529.0 |
| 008 |
160314s 1999bg a|||| |||| 00| 0 ben d |
| 040 |
|
|
|a BD-DhAAL
|c BD-DhAAL
|
| 082 |
|
|
|2 22
|a 330.092
|
| 245 |
|
|
|a ঢাকায় অমর্ত্য সেন /
|c সম্পাদনা ভূমিকা জীবনপঞ্জি মোহাম্মদ হাননান
|
| 260 |
|
|
|a ঢাকা :
|b সমুদ্র প্রকাশনী সংস্থা,
|c ১৯৯৯
|
| 300 |
|
|
|a ২৬৭ পৃ. :
|b চিত্র ;
|c ২২ সে.মি.
|
| 541 |
|
|
|e 2574
|
| 650 |
|
|
|a Sen, Amartya, 1933-
|9 18516
|
| 700 |
|
|
|a হাননান, মোহাম্মদ
|9 18517
|
| 852 |
|
|
|a Savar Campus Library
|c General Shelf
|
| 942 |
|
|
|2 ddc
|c BK
|
| 999 |
|
|
|c 37115
|d 37115
|
| 952 |
|
|
|0 0
|1 0
|2 ddc
|4 0
|6 330_092000000000000_DHA
|7 0
|9 58376
|a SCL
|b SCL
|c GEN
|d 2016-03-14
|g 200.00
|l 0
|o 330.092 DHA
|p 3020002574
|r 2016-03-14
|t 1
|w 2016-03-14
|y BK
|